000 00772nam a2200217 a 4500
001 BRCA_1730
005 20190320203527.0
008 251105s2005----ne-a######---#000-0#spa-d
041 _aspa
044 _ane
050 4 _aTR820
_b.W67 2005
245 1 0 _aWorld Press Photo 05
_ctraducción Silvana Laguardia.
260 _aÁmsterdam
_bFoundation World Press Photo
_c2005
300 _a156 p.
_bil. (algunas a color)
_c30 cm.
500 _aCatálogo de la exposición realizada en el Museo Franz Mayer (Ciudad de México), 1-25 septiembre, 2005
500 _aIncluye lista de países participantes
650 1 4 _aFotoperiodismo
_vExposiciones
_xPremios
_95406
650 1 4 _aFotografía
_vExposiciones
_xPremios
_95407
700 1 _aLaguardia, Silvana
_95408
942 _2lcc
_cB
999 _c1517
_d1517